000 00449nam a2200145 a 4500
001 000031558
005 20200930063020.0
008 110627s19uu dr a 000 0 spa d
040 _aDO-SdBNP
_bspa
_cBNPHU
082 _axxxx
_bT344
245 0 0 _aTestimonio /
_cpresentación Almanzor González Canahuate.
260 _a[Santo Domingo] :
_bDepartamento Nacional de Organización P.R.D.,
_c[19uu?].
300 _a15 p. :
_bil. ;
_c21 cm.
049 _aBNPD
999 _c31050
_d31050